Logo BPK

Biblioteka

Politechniki Koszalińskiej

Mikrobiologia ogólna / (Rekord nr 25112)

Szczegóły MARC
000 -ETYKIETA REKORDU
podpole kontrolne o stałej długości 00882nam a2200265 i 4500
001 - NUMER KONTROLNY REKORDU
pole kontrolne bg
020 ## - MIĘDZYNARODOWY ZNORMALIZOWANY NUMER KSIĄŻKI - ISBN
ISBN 8301120428
040 ## - ŹRÓDŁO KATALOGOWANIA
Instytucja, która utworzyła rekord BPK
041 1# - KOD JĘZYKA
Kod języka tekstu pl
Kod języka oryginału de
080 ## - UNIWERSALNA KLASYFIKACJA DZIESIĘTNA - UKD
UKD 579(075.8)
920 ## - Międzynarodowy znormalizowany numer książki – ISBN
ISBN 83-01-12042-8
008 - POLE O STAŁEJ DŁUGOŚCI - DANE KONTROLNE
podpole kontrolne o stałej długości s pl f |000 0 pol
100 1# - NAZWA OSOBOWA
Nazwa osobowa SCHLEGEL, Hans Günter
245 10 - TYTUŁ/ODPOWIEDZIALNOŚĆ
Tytuł Mikrobiologia ogólna /
Pozostałe elementy strefy tytułu i oznaczenia odpowiedzialności Hans G. Schlegel ; tł. zbiorowe [z ang.] pod red. nauk. Zdzisława Markiewicza, [tł. Jadwiga Baj et al.].
246 ## - WARIANT TYTUŁU
Treść wyrażenia wprowadzającego Tyt. oryg.:
Tytuł Allgemeine Mikrobiologie
260 ## - STREFA ADRESU WYDAWNICZEGO
Miejsce wydania Warszawa :
Nazwa wydawcy/dystrybutora Wydaw. Naukowe PWN,
Data publikacji, dystrybucji/powstania dokumentu 1996.
300 ## - STREFA OPISU FIZYCZNEGO
Objętość 738, [4] s. :
Inne cechy fizyczne fot., rys., wykr. ;
Rozmiary 24 cm.
500 ## - UWAGI OGÓLNE
Tekst uwagi Oryg. : "Allgemeine Mikrobiologie" 1992.
504 ## - UWAGA DOTYCZĄCA BIBLIOGRAFII
Informacje o bibliografii Bibliogr. s. 666-672. - Indeks.
650 #9 - HASŁO PRZEDMIOTOWE W FORMIE NAZWY OGÓLNEJ LUB JEDNOSTKOWEJ
Nazwa ogólna lub geograficzna Mikrobiologia
655 ## - TERMIN INDEKSOWY - OKREŚLENIE RODZAJU/FORMY DOKUMENTU
Określenie rodzaju/formy dokumentu Podręczniki akademickie
700 1# - HASŁO DODATKOWE - NAZWA OSOBOWA
Nazwa osobowa MARKIEWICZ, Zdzisław.
Określenie związku między hasłem a opisywanym materiałem Tł.
700 1# - HASŁO DODATKOWE - NAZWA OSOBOWA
Nazwa osobowa BAJ, Jadwiga.
Określenie związku między hasłem a opisywanym materiałem Tł.
856 ## - LOKALIZACJA I DOSTĘP DO ELEKTRONICZNYCH DOKUMENTÓW ZDALNYCH
Link (URL) http://koha.tu.koszalin.pl/cgi-bin/koha/opac-detail.pl?biblionumber=25112
Tekst linku Katalog online BPK
942 ## - DODATKOWE ELEMENTY (KOHA)
Typ dokumentu Książka
Egzemplarze
Wycofany Status egzemplarza Uszkodzony Dostępność Lokalizacja stała Lokalizacja bieżąca Miejsce przechowywania Sygnatura Kod kreskowy Ostatnio wypożyczono Typ dokumentu
      Dostępny Biblioteka Politechniki Koszalińskiej Biblioteka Politechniki Koszalińskiej Wypożyczalnia BG P 53253 01162080 26.02.2025 Książka
      Dostępny Biblioteka Politechniki Koszalińskiej Biblioteka Politechniki Koszalińskiej Wypożyczalnia BG P 53254 01162097   Książka
      Dostępny Biblioteka Politechniki Koszalińskiej Biblioteka Politechniki Koszalińskiej Wypożyczalnia BG P 53255 01162103   Książka
      Dostępny Biblioteka Politechniki Koszalińskiej Biblioteka Politechniki Koszalińskiej Wypożyczalnia BG P 53256 01162110   Książka
      Dostępny Biblioteka Politechniki Koszalińskiej Biblioteka Politechniki Koszalińskiej Wypożyczalnia BG P 53257 01162127 01.04.2019 Książka
© 2023 Biblioteka Politechniki Koszalińskiej :: KOHA